-
GOVERNMENT OF INDIA MINISTRY OF HEALTH & FAMALY WELFARE
Entry Corporate Name
Number of records used in: 1
001 - CONTROL NUMBER
003 - CONTROL NUMBER IDENTIFIER
005 - DATE AND TIME OF LATEST TRANSACTION
- control field:
20200208121713.0
008 - FIXED-LENGTH DATA ELEMENTS
- fixed length control field:
200208|| aca||aabn | a|a d
040 ## - CATALOGING SOURCE
- Original cataloging agency:
OSt
- Transcribing agency:
OSt
110 ## - HEADING--CORPORATE NAME
- Corporate name or jurisdiction name as entry element:
GOVERNMENT OF INDIA MINISTRY OF HEALTH & FAMALY WELFARE
670 ## - SOURCE DATA FOUND
- Source citation:
Work cat.: (OSt): GOVERNMENT OF INDIA MINISTRY OF HEALTH & FAMALY WELFARE , INDIAN PHARMACOPOEIA 2018 (VOL-IV ), 2018